Inclusive Education in Italy A Critical Analysis of the Policy of Integrazione Scolastica /

This book provides an innovative and thought-provoking analysis of the policy of integrazione scolastica from an inclusive perspective. Drawing on historical and empirical research methods the book arises out of an ethnographic study, which investigates the extent to which the policy of integrazione...

Full description

Bibliographic Details
Corporate Author: SpringerLink (Online service)
Other Authors: D’Alessio, Simona (Editor)
Format: Electronic eBook
Language:English
Published: Rotterdam : SensePublishers, 2011.
Series:Studies in Inclusive Education ; 10
Subjects:
Online Access:Full Text via HEAL-Link
LEADER 03389nam a22004215i 4500
001 978-94-6091-342-6
003 DE-He213
005 20151120183121.0
007 cr nn 008mamaa
008 120131s2011 ne | s |||| 0|eng d
020 |a 9789460913426  |9 978-94-6091-342-6 
024 7 |a 10.1007/978-94-6091-342-6  |2 doi 
040 |d GrThAP 
050 4 |a LC8-6691 
072 7 |a JNF  |2 bicssc 
072 7 |a EDU034000  |2 bisacsh 
082 0 4 |a 379  |2 23 
245 1 0 |a Inclusive Education in Italy  |h [electronic resource] :  |b A Critical Analysis of the Policy of Integrazione Scolastica /  |c edited by Simona D’Alessio. 
264 1 |a Rotterdam :  |b SensePublishers,  |c 2011. 
300 |a XIX, 165 p.  |b online resource. 
336 |a text  |b txt  |2 rdacontent 
337 |a computer  |b c  |2 rdamedia 
338 |a online resource  |b cr  |2 rdacarrier 
347 |a text file  |b PDF  |2 rda 
490 1 |a Studies in Inclusive Education ;  |v 10 
520 |a This book provides an innovative and thought-provoking analysis of the policy of integrazione scolastica from an inclusive perspective. Drawing on historical and empirical research methods the book arises out of an ethnographic study, which investigates the extent to which the policy of integrazione scolastica can be considered an inclusive policy. The author poses two fundamental questions: why are there episodes of micro-exclusion and discrimination against disabled pupils still taking place in regular schools after more than 30 years have passed since the enactment of such a progressive policy? Can the policy of integration lead to the development of inclusion in Italy? The research findings presented in the book indicate that exclusion and discrimination towards disabled pupils in education do not result from a lack of implementation of the policy at a school level, rather from the perpetuation of dominant discourses, which construct disability as an individual deficit. The book does not deny the progress made in the country following the application of this anti-discriminatory policy; rather it challenges the hegemonic abilist culture and the traditional perspectives of disability and schooling that undermine the development of inclusive education. After having investigated the theoretical premises of the policy of integration, the author argues that this progressive policy is still rooted in a special needs education paradigm and that what was once a liberating policy has been transformed into a hegemonic tool which still manages, controls and normalizes disability leaving school settings and teaching and learning routines unchanged. She finally argues for a human rights approach for the development of an inclusive school for the 21st century. The book is an essential reading for academics, policy makers, researchers and students involved in education as it links ideological pressures to practical analyses. 
650 0 |a Education. 
650 0 |a Educational policy. 
650 0 |a ducation and state. 
650 1 4 |a Education. 
650 2 4 |a Educational Policy and Politics. 
700 1 |a D’Alessio, Simona.  |e editor. 
710 2 |a SpringerLink (Online service) 
773 0 |t Springer eBooks 
830 0 |a Studies in Inclusive Education ;  |v 10 
856 4 0 |u http://dx.doi.org/10.1007/978-94-6091-342-6  |z Full Text via HEAL-Link 
912 |a ZDB-2-SHU 
950 |a Humanities, Social Sciences and Law (Springer-11648)